000 00287nam a2200121Ia 4500
008 240625s9999 xx 000 0 und d
041 _aeng
082 _a658.4012 IDE
100 _aBRIGHT IDEAS
245 _aBUSINESS SUCCESS MOTIVATION AND TEAMWORK
260 _c2007
365 _cRS
_b10
999 _c34086
_d34086